Agricultural Services and the Poor: (Record no. 589543)

000 -LEADER
fixed length control field 00389nam a22001097a 4500
082 ## - DEWEY DECIMAL CLASSIFICATION NUMBER
Classification number 636.08
Author Mark AGR
245 ## - TITLE STATEMENT
Title Agricultural Services and the Poor:
Remainder of title case of livestock health and breeding services in India /
Statement of responsibility, etc. Edited Indian Institute of Management
260 ## - PUBLICATION, DISTRIBUTION, ETC.
Place of publication, distribution, etc. Ahmedabad :
Name of publisher, distributor, etc. Indian Institute of Management Science,
Date of publication, distribution, etc. 2000.
300 ## - PHYSICAL DESCRIPTION
Extent 146 p. ;
Dimensions 23 cm.
563 ## - BINDING INFORMATION
Binding note PBK.
942 ## - ADDED ENTRY ELEMENTS (KOHA)
Source of classification or shelving scheme
Koha item type Book
Holdings
Withdrawn status Lost status Source of classification or shelving scheme Damaged status Not for loan Permanent Location Current Location Date acquired Source of acquisition Total Checkouts Full call number Barcode Date last seen Price effective from Koha item type
          Central Library (CL) Central Library (CL) 05/09/2022 Donation   636.08 AGR CL-D-1719 05/09/2022 05/09/2022 Book
© 2023 Central Library, National University of Sciences and Technology. All Rights Reserved.